[Event "La Colonne Ouverte"]
[Site "Hull CAN"]
[Date "2002.11.12"]
[Round "5"]
[White "Libersan, Mattieu"]
[Black "Thomann, Olivier"]
[Result "1-0"]
[WhiteElo "1732"]
[BlackElo "1841"]
[PlyCount "39"]
[EventDate "2002.10.15"]
[EventType "swiss"]
[EventRounds "5"]
[EventCountry "CAN"]

1. e4 e5 2. Nf3 Nc6 3. Bc4 Bc5 4. c3 Nf6 5. d4 exd4 6. cxd4 Bb4+ 7. Nc3 Nxe4 8.
O-O Bxc3 9. d5 Bf6 10. Re1 Ne7 11. Rxe4 O-O 12. d6 Ng6 13. Qd5 c6 14. Qh5 b5
15. Bb3 Bb7 16. Ng5 h6 17. Nxf7 Rxf7 18. Qxg6 Qf8 19. Bxh6 c5 20. Rf4 1-0

[Event "La Colonne Ouverte"]
[Site "Hull CAN"]
[Date "2002.11.12"]
[Round "5"]
[White "Papineau, Andre"]
[Black "Lacourse, Guy"]
[Result "1-0"]
[WhiteElo "1708"]
[BlackElo "1651"]
[PlyCount "79"]
[EventDate "2002.10.15"]
[EventType "swiss"]
[EventRounds "5"]
[EventCountry "CAN"]

1. d4 Nf6 2. Nf3 b6 3. g3 Bb7 4. Bg2 e6 5. O-O Be7 6. c4 Na6 7. Nc3 Ne4 8. Nxe4
Bxe4 9. Ne5 Bxg2 10. Kxg2 c5 11. e3 Qc7 12. Qf3 O-O 13. a3 Rac8 14. b3 d6 15.
Nd3 f5 16. Nf4 Qd7 17. d5 e5 18. Ne6 Rf6 19. Qh5 Rh6 20. Qxf5 Nc7 21. Nxg7 Qd8
22. Ne6 Nxe6 23. dxe6 Qf8 24. e4 Rg6 25. f4 Qg7 26. Qf7+ Qxf7 27. exf7+ Kg7 28.
fxe5 dxe5 29. Bb2 Re6 30. Rad1 Rf8 31. Rd5 Rxf7 32. Rxe5 Rxe5 33. Bxe5+ Kg6 34.
Rxf7 Kxf7 35. a4 Bd8 36. Kf3 h5 37. g4 Ke6 38. Bb8 hxg4+ 39. Kxg4 a5 40. h4 1-0

[Event "La Colonne Ouverte"]
[Site "Hull CAN"]
[Date "2002.11.12"]
[Round "5"]
[White "Villeneuve, Luc"]
[Black "Lemieux, Richard"]
[Result "1/2-1/2"]
[WhiteElo "1659"]
[BlackElo "1674"]
[PlyCount "117"]
[EventDate "2002.10.15"]
[EventType "swiss"]
[EventRounds "5"]
[EventCountry "CAN"]

1. e4 c6 2. d4 d5 3. Nc3 e6 4. exd5 cxd5 5. Bd3 Nc6 6. Nge2 Bb4 7. O-O a6 8.
Be3 Nf6 9. f3 b5 10. Nb1 Bd6 11. c3 Qc7 12. h3 Nh5 13. f4 f5 14. Nd2 Nf6 15. b4
Ne4 16. Bxe4 fxe4 17. Nb3 Ne7 18. g4 O-O 19. Nc5 Ng6 20. f5 exf5 21. Qb3 Qf7
22. gxf5 Nh4 23. Bf4 Bxf4 24. Nxf4 Nf3+ 25. Rxf3 exf3 26. Nfe6 Qxf5 27. Nxf8
Qg5+ 28. Kf2 Qg2+ 29. Ke3 Qe2+ 30. Kf4 Qh2+ 31. Ke3 Kxf8 32. Qxd5 Qe2+ 33. Kf4
Qh2+ 34. Ke3 Bb7 35. Nd7+ Ke7 36. Qxb7 Qe2+ 37. Kf4 g5+ 38. Kf5 Qe6+ 39. Kxg5
Rg8+ 40. Kf4 Qh6+ 41. Ke4 Qg6+ 42. Ke3 Qg5+ 43. Kd3 Qg6+ 44. Qe4+ Kxd7 45. Qxg6
Rxg6 46. Ke3 Rg3 47. h4 f2+ 48. Kxf2 Rxc3 49. Rd1 Rc2+ 50. Ke3 Rxa2 51. d5 Kd6
52. Rd4 Rg2 53. Kf4 h5 54. Kf5 Rg1 55. Kf4 Rg4+ 56. Ke3 Rg1 57. Kf4 Rg8 58. Kf5
Rg1 59. Kf4 1/2-1/2

[Event "Labour Day op U2200"]
[Site "Toronto CAN"]
[Date "2002.08.31"]
[Round "1"]
[White "Sviridovitch, Alina"]
[Black "Veltmann, Martin"]
[Result "1/2-1/2"]
[WhiteElo "1813"]
[BlackElo "2053"]
[PlyCount "80"]
[EventDate "2002.08.31"]
[EventType "swiss"]
[EventRounds "6"]
[EventCountry "CAN"]

1. d4 Nf6 2. Nf3 g6 3. c4 Bg7 4. Nc3 O-O 5. g3 d6 6. Bg2 c5 7. d5 e6 8. dxe6
Bxe6 9. Bf4 Qb6 10. Qb3 d5 11. Qxb6 axb6 12. Ng5 dxc4 13. Bxb7 Ra7 14. Bg2 Bd7
15. O-O h6 16. Nge4 Nxe4 17. Bxe4 Re8 18. Bd5 b5 19. Be3 Bd4 20. Bxd4 cxd4 21.
Ne4 Re5 22. Rfd1 Kg7 23. Rxd4 Bc6 24. Nc3 b4 25. Bxc6 bxc3 26. Rxc4 cxb2 27.
Rb1 Rxa2 28. Kg2 Rxe2 29. Bf3 Rd2 30. Rb4 Nd7 31. Rb5 Kf6 32. Bd5 Ra1 33. R5xb2
Rxb2 34. Rxb2 Ra7 35. Rb3 Kg7 36. Rb7 Rxb7 37. Bxb7 f5 38. f4 Kf6 39. Kf3 Nc5
40. Bd5 Ne6 1/2-1/2

[Event "Labour Day op U2200"]
[Site "Toronto CAN"]
[Date "2002.09.01"]
[Round "3"]
[White "Veltmann, Martin"]
[Black "Cooke, Mathew"]
[Result "1-0"]
[WhiteElo "2053"]
[BlackElo "1988"]
[PlyCount "61"]
[EventDate "2002.08.31"]
[EventType "swiss"]
[EventRounds "6"]
[EventCountry "CAN"]

1. Nf3 Nf6 2. g3 d5 3. Bg2 g6 4. O-O Bg7 5. d4 Bg4 6. c4 c6 7. Nc3 Bxf3 8. Bxf3
e6 9. b3 Nbd7 10. Bb2 O-O 11. Bg2 Re8 12. e3 h5 13. Qd2 Nf8 14. Rad1 Qe7 15. e4
dxe4 16. Nxe4 Rad8 17. Qa5 Nxe4 18. Bxe4 b6 19. Qa4 c5 20. Bc6 h4 21. Bxe8 Rxe8
22. Ba3 Nh7 23. dxc5 Rd8 24. cxb6 Qf6 25. Rxd8+ Qxd8 26. bxa7 Qa8 27. Rd1 Bf6
28. c5 Ng5 29. c6 hxg3 30. hxg3 Kg7 31. Kg2 1-0

[Event "Labour Day op U2200"]
[Site "Toronto CAN"]
[Date "2002.09.01"]
[Round "4"]
[White "Obrovac, Zvonko"]
[Black "Veltmann, Martin"]
[Result "0-1"]
[WhiteElo "2050"]
[BlackElo "2053"]
[PlyCount "84"]
[EventDate "2002.08.31"]
[EventType "swiss"]
[EventRounds "6"]
[EventCountry "CAN"]

1. Nf3 Nf6 2. c4 g6 3. b4 Bg7 4. Bb2 O-O 5. g3 d5 6. cxd5 Nxd5 7. Bxg7 Kxg7 8.
a3 a5 9. b5 c6 10. bxc6 Nxc6 11. Bg2 e6 12. O-O Qe7 13. Qc2 Rd8 14. d4 Bd7 15.
e4 Nf6 16. Qb2 Be8 17. g4 Kg8 18. Nbd2 Nxg4 19. e5 Nh6 20. Ne4 Nf5 21. Rad1 b5
22. Bh3 b4 23. Bxf5 bxa3 24. Qd2 exf5 25. Nf6+ Kg7 26. Qg5 h6 27. Qg3 Nb4 28.
Nh4 Qe6 29. Qxa3 Bc6 30. Qg3 Nd5 31. Nxd5 Bxd5 32. f3 a4 33. Ng2 Bb3 34. Nf4
Qb6 35. Rde1 Rxd4 36. Kh1 Kh7 37. e6 Qd6 38. e7 Re8 39. Nxg6 fxg6 40. Qg2 Rxe7
41. Rxe7+ Qxe7 42. Rg1 Qd6 0-1

[Event "Labour Day op U2200"]
[Site "Toronto CAN"]
[Date "2002.09.02"]
[Round "5"]
[White "Veltmann, Martin"]
[Black "Lucki, Arnie"]
[Result "1-0"]
[WhiteElo "2053"]
[BlackElo "1854"]
[PlyCount "52"]
[EventDate "2002.08.31"]
[EventType "swiss"]
[EventRounds "6"]
[EventCountry "CAN"]

1. c4 Nf6 2. Nc3 g6 3. e4 d6 4. d4 Bg7 5. Nf3 O-O 6. Be2 e5 7. O-O Nc6 8. d5
Nb8 9. Ne1 a5 10. Nd3 Na6 11. Be3 Re8 12. a3 Bd7 13. b4 axb4 14. axb4 b6 15. f3
Nh5 16. Qc2 Qf6 17. g3 Bh3 18. Rfb1 Nf4 19. Ra4 Bd7 20. Nb5 Nh3+ 21. Kg2 Ng5
22. Nf2 h5 23. Rxa6 Rxa6 24. Nxc7 Ra3 25. Nxe8 Bxe8 26. Qc1 Ra2 1-0

[Event "Labour Day op U2200"]
[Site "Toronto CAN"]
[Date "2002.09.02"]
[Round "6"]
[White "Frilles, Ruperto"]
[Black "Veltmann, Martin"]
[Result "1/2-1/2"]
[WhiteElo "2121"]
[BlackElo "2053"]
[PlyCount "29"]
[EventDate "2002.08.31"]
[EventType "swiss"]
[EventRounds "6"]
[EventCountry "CAN"]

1. c4 Nf6 2. Nc3 g6 3. g3 Bg7 4. Bg2 d6 5. d3 O-O 6. Nf3 e5 7. h3 Nc6 8. O-O
Nh5 9. e4 h6 10. Nd5 Be6 11. g4 Nf4 12. Nxf4 exf4 13. Bxf4 f5 14. exf5 gxf5 15.
g5 1/2-1/2

[Event "Lanaudiere"]
[Site "Mascouche CAN"]
[Date "2002.10.12"]
[Round "1"]
[White "Levesque, Claude"]
[Black "Bolduc, Steve"]
[Result "0-1"]
[WhiteElo "1817"]
[BlackElo "2212"]
[PlyCount "46"]
[EventDate "2002.10.12"]
[EventType "swiss"]
[EventRounds "5"]
[EventCountry "CAN"]

1. e4 c5 2. Nc3 Nc6 3. g3 g6 4. Bg2 Bg7 5. d3 Rb8 6. Be3 d6 7. Qd2 b5 8. Nf3 b4
9. Nd1 a5 10. O-O a4 11. a3 Qa5 12. Nh4 bxa3 13. Rxa3 Qxd2 14. Bxd2 Bd7 15. f4
Nb4 16. Bc3 Bd4+ 17. Bxd4 cxd4 18. Rf2 Nf6 19. h3 Rc8 20. Nf3 Nxc2 21. Ra2 Nb4
22. Ra1 Nxd3 23. Rd2 Nc5 0-1

[Event "Lanaudiere"]
[Site "Mascouche CAN"]
[Date "2002.10.13"]
[Round "2"]
[White "Bolduc, Steve"]
[Black "Falardeau, Bruno"]
[Result "1-0"]
[WhiteElo "2212"]
[BlackElo "1961"]
[PlyCount "55"]
[EventDate "2002.10.12"]
[EventType "swiss"]
[EventRounds "5"]
[EventCountry "CAN"]

1. Nf3 d5 2. d4 Nf6 3. c4 e6 4. Nc3 Bb4 5. Bg5 Nbd7 6. cxd5 exd5 7. e3 c6 8.
Bd3 O-O 9. Qc2 h6 10. Bh4 Re8 11. O-O Qa5 12. a3 Bxc3 13. bxc3 Ne4 14. c4 Ndf6
15. Ne5 g5 16. Bg3 Be6 17. c5 Nxg3 18. fxg3 Ng4 19. Nxg4 Bxg4 20. Qf2 Qc7 21.
Rae1 Qe7 22. e4 Qf8 23. e5 b6 24. Rc1 b5 25. h3 Bh5 26. g4 Bg6 27. Bxg6 fxg6
28. Qc2 1-0

[Event "Lanaudiere"]
[Site "Mascouche CAN"]
[Date "2002.10.14"]
[Round "4"]
[White "Bolduc, Steve"]
[Black "Forget, Luc"]
[Result "1/2-1/2"]
[WhiteElo "2212"]
[BlackElo "1937"]
[PlyCount "112"]
[EventDate "2002.10.12"]
[EventType "swiss"]
[EventRounds "5"]
[EventCountry "CAN"]

1. Nf3 Nf6 2. d4 e6 3. c4 b6 4. a3 Bb7 5. Nc3 d5 6. Bg5 Be7 7. Qa4+ c6 8. cxd5
exd5 9. e3 O-O 10. Bd3 Re8 11. O-O h6 12. Bxf6 Bxf6 13. b4 a5 14. Qb3 b5 15.
bxa5 Qxa5 16. e4 dxe4 17. Nxe4 Be7 18. Ne5 Rf8 19. Ng6 Re8 20. Rfe1 Qd8 21.
Nxe7+ Rxe7 22. Nc5 Na6 23. Bc2 Nxc5 24. dxc5 Rxe1+ 25. Rxe1 Qd7 26. h4 Re8 27.
Rd1 Qg4 28. Qd3 g6 29. Qd7 Qxd7 30. Rxd7 Bc8 31. Rc7 Be6 32. Rxc6 Ra8 33. h5 g5
34. Bd3 Rxa3 35. Bxb5 Rc3 36. Rc7 Kg7 37. Ba6 Bd5 38. Bc8 Kf6 39. Kh2 Ke5 40.
Bb7 Be6 41. f3 Kd4 42. c6 Ke5 43. Re7 Kd6 44. Re8 g4 45. Kg3 gxf3 46. gxf3 Rc5
47. Bc8 Rxh5 48. Bxe6 fxe6 49. c7 Kxc7 50. Rxe6 Kd7 51. Re4 Kd6 52. f4 Rh1 53.
f5 Rg1+ 54. Kf4 Rf1+ 55. Kg4 Rg1+ 56. Kh3 Rg5 1/2-1/2

[Event "Lanaudiere"]
[Site "Mascouche CAN"]
[Date "2002.10.14"]
[Round "5"]
[White "Miron, Francois"]
[Black "Bolduc, Steve"]
[Result "0-1"]
[WhiteElo "2042"]
[BlackElo "2212"]
[PlyCount "132"]
[EventDate "2002.10.12"]
[EventType "swiss"]
[EventRounds "5"]
[EventCountry "CAN"]

1. e4 c6 2. d3 e5 3. Nf3 d6 4. Be2 Be7 5. O-O Nf6 6. Nc3 O-O 7. d4 Nbd7 8. Re1
b5 9. a3 Rb8 10. Bf1 a5 11. Na2 Qc7 12. b4 axb4 13. axb4 Re8 14. c3 Bf8 15. Qc2
h6 16. Bd2 Nb6 17. Nc1 Nc4 18. Bxc4 bxc4 19. dxe5 dxe5 20. Ne2 c5 21. Rab1 Bb7
22. Ng3 g6 23. b5 Bc8 24. Qa4 Be6 25. Qa6 Rb6 26. Qa5 Qb7 27. Qa4 Ra8 28. Qc2
Nd7 29. Be3 Rxb5 30. Rxb5 Qxb5 31. Rb1 Qc6 32. Nd2 Qd6 33. Rd1 Qa6 34. f3 Qa2
35. Qc1 Kh7 36. Ndf1 Rb8 37. Rd2 Qb3 38. Rc2 Qb1 39. Qd2 Ra8 40. Ne2 Ra6 41.
Rb2 Qa1 42. Qc2 Qa4 43. Qc1 Rd6 44. Bd2 Rb6 45. Rc2 Rb3 46. Be3 f5 47. Bf2 fxe4
48. fxe4 Qa8 49. Qe3 Nf6 50. Neg3 Ng4 51. Qd2 Rb7 52. Be1 Rf7 53. Qe2 Nf6 54.
h3 h5 55. Nd2 Nd7 56. Nxc4 Qa6 57. Ne3 Qxe2 58. Rxe2 c4 59. Nc2 Nc5 60. Bf2 Nd3
61. Be3 Rb7 62. Kh2 Rb3 63. Bd2 Bh6 64. Ne3 Bf4 65. Nd1 h4 66. Bxf4 Nxf4 0-1

[Event "Laval XIX"]
[Site "Laval CAN"]
[Date "2002.04.19"]
[Round "1"]
[White "Beaudoin, Stephane"]
[Black "Trottier, Yves"]
[Result "1-0"]
[WhiteElo "2041"]
[BlackElo "1967"]
[PlyCount "63"]
[EventDate "2002.04.19"]
[EventType "swiss"]
[EventRounds "5"]
[EventCountry "CAN"]

1. e4 e5 2. Bc4 Nf6 3. d3 c6 4. Bb3 d5 5. Nd2 Bd6 6. Ngf3 Bg4 7. O-O Nbd7 8. c3
O-O 9. h3 Bh5 10. Re1 Nc5 11. Bc2 Ne6 12. Nf1 dxe4 13. dxe4 Rc8 14. Ng3 Bg6 15.
Nf5 Bb8 16. Qe2 Nf4 17. Bxf4 exf4 18. Rad1 Qe8 19. e5 Nd5 20. N3d4 Ne7 21. Nd6
Bxd6 22. exd6 Nd5 23. Qg4 Qd8 24. Bxg6 hxg6 25. c4 Nb6 26. Qxf4 Re8 27. Nf3 Nd7
28. Rxe8+ Qxe8 29. Re1 Qf8 30. Re7 Rd8 31. Ng5 Nc5 32. Qh4 1-0

[Event "Laval XIX"]
[Site "Laval CAN"]
[Date "2002.04.19"]
[Round "1"]
[White "Caceres Cortes, Julio"]
[Black "Gaspariants, Vladimir"]
[Result "1-0"]
[WhiteElo "2125"]
[BlackElo "2339"]
[PlyCount "89"]
[EventDate "2002.04.19"]
[EventType "swiss"]
[EventRounds "5"]
[EventCountry "CAN"]

1. e4 g6 2. d4 Bg7 3. Nc3 c6 4. Be3 d6 5. Qd2 Nd7 6. Nf3 b5 7. Bd3 a6 8. O-O
Bb7 9. Rad1 Qc7 10. Rfe1 e5 11. dxe5 dxe5 12. a4 bxa4 13. Nxa4 Ngf6 14. Nc5
Nxc5 15. Bxc5 Nd7 16. Ba3 O-O-O 17. Qe2 Nb8 18. Bc5 Rd7 19. Ra1 Bh6 20. b4 Bf8
21. Reb1 Bh6 22. Ba7 Re8 23. Ra5 f6 24. Rba1 Bf8 25. c3 Ree7 26. Bc4 Kd8 27.
Qe3 Ke8 28. Bb6 Qc8 29. Bc5 Rf7 30. h3 Bxc5 31. Bxf7+ Kxf7 32. Qxc5 Qd8 33.
R5a2 g5 34. Qc4+ Kg7 35. Qe2 Bc8 36. Rd2 Rxd2 37. Nxd2 Be6 38. Nf1 Qb6 39. Ne3
c5 40. Nd5 Bxd5 41. exd5 cxb4 42. cxb4 Qxb4 43. Qc2 Nd7 44. Rxa6 Qc5 45. Qf5
1-0

[Event "Laval XIX"]
[Site "Laval CAN"]
[Date "2002.04.19"]
[Round "1"]
[White "Pineault, Denis"]
[Black "Schleifer, Michael"]
[Result "1/2-1/2"]
[WhiteElo "2178"]
[BlackElo "2372"]
[PlyCount "48"]
[EventDate "2002.04.19"]
[EventType "swiss"]
[EventRounds "5"]
[EventCountry "CAN"]

1. e4 c5 2. Nf3 e6 3. d4 cxd4 4. Nxd4 Nf6 5. Nc3 d6 6. g3 Be7 7. Bg2 O-O 8. O-O
a6 9. Be3 Qc7 10. f4 Nc6 11. Nb3 b5 12. a3 Bb7 13. Rf2 Nd7 14. Rd2 Nb6 15. Bxb6
Qxb6+ 16. Kh1 a5 17. Qg1 Qxg1+ 18. Kxg1 Ba6 19. a4 bxa4 20. Rxa4 Rfb8 21. Bf1
Bxf1 22. Kxf1 Rb4 23. Rxb4 axb4 24. Nb5 Ra2 1/2-1/2

[Event "Laval XIX"]
[Site "Laval CAN"]
[Date "2002.04.19"]
[Round "1"]
[White "Trinh, Tri Bao"]
[Black "Bolduc, Steve"]
[Result "1-0"]
[WhiteElo "2076"]
[BlackElo "2268"]
[PlyCount "119"]
[EventDate "2002.04.19"]
[EventType "swiss"]
[EventRounds "5"]
[EventCountry "CAN"]

1. e4 c6 2. d4 d5 3. exd5 cxd5 4. Bd3 Nc6 5. c3 Nf6 6. h3 e5 7. dxe5 Nxe5 8.
Qe2 Qe7 9. Bb5+ Bd7 10. Bxd7+ Nfxd7 11. Be3 Rc8 12. Nd2 Nc5 13. O-O-O Qe6 14.
Ndf3 Nxf3 15. Nxf3 Be7 16. Rhe1 O-O 17. Bxc5 Bxc5 18. Qxe6 fxe6 19. Rxe6 d4 20.
c4 Rf4 21. Rde1 d3 22. R1e4 Rff8 23. Kd2 Rfd8 24. Ne1 Bb4+ 25. Kd1 b5 26. b3
Ba3 27. R6e5 a6 28. Rd5 bxc4 29. Rxc4 Rxd5 30. Rxc8+ Kf7 31. Rc3 d2 32. Nc2 Bc5
33. Ne3 Rg5 34. g3 Bb4 35. Rd3 Rc5 36. Nc4 Rh5 37. h4 g5 38. Rd5 h6 39. Nxd2
Ke6 40. Rd4 Bc5 41. Re4+ Kd5 42. Ke2 gxh4 43. gxh4 Rf5 44. f3 Rf7 45. Rg4 Re7+
46. Ne4 Kd4 47. Rg6 Bb4 48. Rxa6 Rc7 49. Ra4 Rc2+ 50. Kf1 Ke3 51. Rxb4 Kxf3 52.
Ke1 Rxa2 53. Nc3 Rh2 54. Re4 Rc2 55. Rc4 Rh2 56. Nd5 Re2+ 57. Kd1 Rh2 58. b4 h5
59. b5 Rb2 60. Rb4 1-0

[Event "Laval XIX"]
[Site "Laval CAN"]
[Date "2002.04.20"]
[Round "2"]
[White "Benggawan, Amanda"]
[Black "Voskanyan, Vahagn"]
[Result "0-1"]
[WhiteElo "2072"]
[BlackElo "2347"]
[PlyCount "75"]
[EventDate "2002.04.19"]
[EventType "swiss"]
[EventRounds "5"]
[EventCountry "CAN"]

1. e4 d5 2. exd5 Nf6 3. Nf3 Nxd5 4. d4 Bg4 5. Be2 e6 6. O-O Be7 7. c4 Nf6 8.
Nc3 O-O 9. Be3 Nbd7 10. Ne5 Bxe2 11. Qxe2 c6 12. Rad1 Re8 13. Rd3 Qa5 14. Bc1
Rad8 15. Rfd1 Nf8 16. a3 Ng6 17. f4 c5 18. Kh1 cxd4 19. Rxd4 Rxd4 20. Rxd4 a6
21. Rd3 Qc7 22. Rd1 Bd6 23. Re1 Bxe5 24. fxe5 Nd7 25. b3 Ndxe5 26. Ne4 Rd8 27.
Rd1 h6 28. Rxd8+ Qxd8 29. h3 Nc6 30. Be3 e5 31. Nc5 Qc8 32. Qd3 Nf8 33. Qe4 Qc7
34. b4 Nd8 35. Qd5 Nde6 36. Qxb7 Qd8 37. Qxa6 Nd7 38. b5 0-1

[Event "Laval XIX"]
[Site "Laval CAN"]
[Date "2002.04.20"]
[Round "2"]
[White "Gulko, Andrei"]
[Black "Bolduc, Steve"]
[Result "0-1"]
[WhiteElo "2010"]
[BlackElo "2268"]
[PlyCount "40"]
[EventDate "2002.04.19"]
[EventType "swiss"]
[EventRounds "5"]
[EventCountry "CAN"]

1. d4 d5 2. Bg5 c6 3. Nf3 Qb6 4. b3 Bf5 5. e3 e6 6. Bd3 Bg6 7. O-O Nd7 8. c4
Ngf6 9. Bxg6 hxg6 10. Nbd2 Qc7 11. Bf4 Bd6 12. Bxd6 Qxd6 13. Qc2 g5 14. h3 g4
15. hxg4 Nxg4 16. e4 Qf4 17. Rfe1 Qh6 18. Kf1 Qh1+ 19. Ng1 Rh2 20. Ke2 Qxg2 0-1

[Event "Laval XIX"]
[Site "Laval CAN"]
[Date "2002.04.20"]
[Round "2"]
[White "Ibrahim, Anthony"]
[Black "Beaudoin, Stephane"]
[Result "1-0"]
[WhiteElo "2157"]
[BlackElo "2041"]
[PlyCount "69"]
[EventDate "2002.04.19"]
[EventType "swiss"]
[EventRounds "5"]
[EventCountry "CAN"]

1. e4 g6 2. d4 Bg7 3. c3 d6 4. Bd3 e5 5. Ne2 Nf6 6. O-O O-O 7. f4 exd4 8. cxd4
Nc6 9. Nbc3 Ng4 10. h3 Nh6 11. Be3 f5 12. e5 d5 13. Rc1 Ne7 14. Bf2 Nf7 15. Bh4
c6 16. b4 Qe8 17. b5 Nd8 18. Qb3 Ne6 19. Na4 g5 20. Bxg5 Ng6 21. bxc6 bxc6 22.
Qc2 h6 23. Bf6 Bxf6 24. exf6 Rxf6 25. Rce1 Ne7 26. Nc5 Nd8 27. Rf3 Nf7 28. Ng3
Nd6 29. Rfe3 Ne4 30. Ngxe4 fxe4 31. Nxe4 dxe4 32. Rxe4 Qd7 33. Rxe7 Qxd4+ 34.
Kh1 Bd7 35. Qc4+ 1-0

[Event "Laval XIX"]
[Site "Laval CAN"]
[Date "2002.04.20"]
[Round "2"]
[White "Linskiy, Oleg"]
[Black "Caceres Cortes, Julio"]
[Result "1-0"]
[WhiteElo "2458"]
[BlackElo "2125"]
[PlyCount "37"]
[EventDate "2002.04.19"]
[EventType "swiss"]
[EventRounds "5"]
[EventCountry "CAN"]

1. d4 d5 2. c4 e6 3. cxd5 exd5 4. Nc3 Nf6 5. Bg5 Be7 6. e3 O-O 7. Bd3 c6 8. Qc2
Nbd7 9. Nf3 Re8 10. O-O Nf8 11. h3 N6d7 12. Bf4 Ng6 13. Nxd5 Ndf8 14. Nxe7+
Qxe7 15. Bg3 Be6 16. Nd2 Rad8 17. Rae1 Rd5 18. f4 Bc8 19. f5 1-0

[Event "Laval XIX"]
[Site "Laval CAN"]
[Date "2002.04.20"]
[Round "2"]
[White "Ramaswamy, Kishor"]
[Black "Luksza, Arkadiusz"]
[Result "1/2-1/2"]
[WhiteElo "2047"]
[BlackElo "2232"]
[PlyCount "102"]
[EventDate "2002.04.19"]
[EventType "swiss"]
[EventRounds "5"]
[EventCountry "CAN"]

1. d4 g6 2. Nf3 Nf6 3. Bg5 Bg7 4. Nbd2 d6 5. e3 Nbd7 6. c3 b6 7. Bc4 Bb7 8. O-O
O-O 9. Qc2 c5 10. a4 Rc8 11. Qb3 d5 12. Be2 c4 13. Qc2 Re8 14. Rfd1 Qc7 15. Bf4
Qc6 16. Ne5 Nxe5 17. Bxe5 Nd7 18. Bxg7 Kxg7 19. Bf3 f5 20. g3 Rf8 21. Bg2 g5
22. Nf3 Qf6 23. Bh1 h6 24. Ne1 Qg6 25. Nf3 Qe6 26. Re1 Rf6 27. Rad1 Qd6 28. Re2
Rff8 29. Rde1 Bc6 30. Rd1 Rb8 31. Ra1 Qc7 32. b4 cxb3 33. Qxb3 Bb7 34. Rc2 Rfc8
35. Rac1 Qc4 36. Nd2 Qxb3 37. Nxb3 Rc4 38. a5 e6 39. axb6 axb6 40. Nd2 Rcc8 41.
c4 Nf6 42. Bg2 dxc4 43. Nxc4 Bxg2 44. Kxg2 Nd5 45. Ne5 Rxc2 46. Rxc2 Rb7 47.
Kf1 Kf6 48. Ke2 g4 49. e4 Ne7 50. Rb2 b5 51. f3 gxf3+ 1/2-1/2

[Event "Laval XIX"]
[Site "Laval CAN"]
[Date "2002.04.20"]
[Round "3"]
[White "Ibrahim, Anthony"]
[Black "Mikanovic, Goran"]
[Result "1/2-1/2"]
[WhiteElo "2157"]
[BlackElo "2310"]
[PlyCount "58"]
[EventDate "2002.04.19"]
[EventType "swiss"]
[EventRounds "5"]
[EventCountry "CAN"]

1. e4 c5 2. Nf3 e6 3. d4 cxd4 4. Nxd4 Nc6 5. Nc3 Qc7 6. Nxc6 dxc6 7. Bd3 e5 8.
O-O Nf6 9. Qe2 Be7 10. a4 a5 11. h3 O-O 12. Be3 h6 13. f4 exf4 14. Bxf4 Qb6+
15. Kh1 Nd7 16. e5 Nc5 17. Be3 Qxb2 18. Bxc5 Bxc5 19. Qe4 g6 20. Rab1 Qxc3 21.
Rf6 Bf5 22. Rxf5 Qd4 23. Qf3 Rae8 24. Rf1 Re7 25. Rf6 Rfe8 26. Rxf7 Qxe5 27.
Bc4 Kh8 28. Rf8+ Kh7 29. Bg8+ Kh8 1/2-1/2

[Event "Laval XIX"]
[Site "Laval CAN"]
[Date "2002.04.20"]
[Round "3"]
[White "Luksza, Arkadiusz"]
[Black "Trinh, Tri Bao"]
[Result "1-0"]
[WhiteElo "2232"]
[BlackElo "2076"]
[PlyCount "79"]
[EventDate "2002.04.19"]
[EventType "swiss"]
[EventRounds "5"]
[EventCountry "CAN"]

1. c4 e5 2. g3 c6 3. Bg2 d5 4. Qc2 Nf6 5. d3 h6 6. Nc3 Be6 7. Nf3 Nbd7 8. b3
Rc8 9. O-O Bd6 10. Bb2 O-O 11. e3 a6 12. Ne2 b5 13. c5 Bb8 14. b4 a5 15. bxa5
Qxa5 16. d4 Ne4 17. Nc1 Bf5 18. Nb3 Qa4 19. Qc1 Rfe8 20. Rd1 Bg4 21. h3 Bh5 22.
g4 Bg6 23. Nxe5 Nxe5 24. dxe5 Bxe5 25. Bxe5 Rxe5 26. f3 Nf6 27. Rd4 Qa7 28. f4
Ree8 29. f5 Bh7 30. a4 bxa4 31. Rdxa4 Qb8 32. Nd4 Qg3 33. Qe1 Qxe3+ 34. Qxe3
Rxe3 35. Ra8 Ree8 36. Rxc8 Rxc8 37. Ra6 h5 38. g5 Ne4 39. Bxe4 dxe4 40. Kf2 1-0

[Event "Laval XIX"]
[Site "Laval CAN"]
[Date "2002.04.21"]
[Round "4"]
[White "Beaudoin, Stephane"]
[Black "Vaingorten, Yaaqov"]
[Result "0-1"]
[WhiteElo "2041"]
[BlackElo "2236"]
[PlyCount "70"]
[EventDate "2002.04.19"]
[EventType "swiss"]
[EventRounds "5"]
[EventCountry "CAN"]

1. e4 c5 2. Nf3 e6 3. d4 cxd4 4. Nxd4 a6 5. Bd3 Bc5 6. Nb3 Be7 7. O-O d6 8. f4
Nd7 9. N1d2 Ngf6 10. Nf3 Qc7 11. Qe1 O-O 12. Qg3 b5 13. Bd2 Bb7 14. Rae1 d5 15.
e5 Ne4 16. Qh3 Ndc5 17. Ba5 Qd7 18. Nfd4 f5 19. Bb6 Rac8 20. g4 fxg4 21. Qxg4
g6 22. Bxe4 dxe4 23. Re3 Bd5 24. Rg3 Na4 25. Ba5 Kh8 26. Qh3 Nxb2 27. Bd2 Nc4
28. Bc1 a5 29. Re1 a4 30. Nd2 Bc5 31. c3 b4 32. Kh1 e3+ 33. N2f3 bxc3 34. Rd1
Rxf4 35. Rxg6 e2 0-1

[Event "Laval XIX"]
[Site "Laval CAN"]
[Date "2002.04.21"]
[Round "4"]
[White "Bolduc, Steve"]
[Black "Ramaswamy, Kishor"]
[Result "1-0"]
[WhiteElo "2268"]
[BlackElo "2047"]
[PlyCount "99"]
[EventDate "2002.04.19"]
[EventType "swiss"]
[EventRounds "5"]
[EventCountry "CAN"]

1. d4 d5 2. c4 e6 3. Nc3 Nf6 4. Bg5 Nbd7 5. e3 c6 6. cxd5 exd5 7. Bd3 Be7 8.
Qc2 Nh5 9. Bxe7 Qxe7 10. Nge2 g6 11. h3 Nb6 12. g4 Ng7 13. O-O-O f5 14. Ng3 Rf8
15. Rhe1 Be6 16. gxf5 Nxf5 17. Nxf5 Bxf5 18. e4 dxe4 19. Bxe4 Qg5+ 20. Kb1
O-O-O 21. f3 Kb8 22. Ka1 Ka8 23. Qb3 Rd7 24. d5 cxd5 25. Nxd5 Nxd5 26. Rxd5
Rxd5 27. Bxd5 Bc8 28. a4 a6 29. Re6 Rf6 30. Re8 Qc1+ 31. Ka2 Qc7 32. Be6 Rxe6
33. Qxe6 Kb8 34. h4 b6 35. Qe4 Qf7+ 36. Ka1 Qd7 37. Re7 Qd6 38. Qe5 Qxe5 39.
Rxe5 h5 40. Re7 Bf5 41. b4 Bc2 42. a5 bxa5 43. bxa5 Bd3 44. Kb2 Bf5 45. Kc3 Bb1
46. Kd4 Bf5 47. Ke5 Kc8 48. Kf6 Kd8 49. Rg7 Kc8 50. Rxg6 1-0

[Event "Laval XIX"]
[Site "Laval CAN"]
[Date "2002.04.21"]
[Round "4"]
[White "Caceres Cortes, Julio"]
[Black "Auger, Bertrand"]
[Result "1-0"]
[WhiteElo "2125"]
[BlackElo "2009"]
[PlyCount "83"]
[EventDate "2002.04.19"]
[EventType "swiss"]
[EventRounds "5"]
[EventCountry "CAN"]

1. e4 e6 2. d4 d5 3. Nc3 dxe4 4. Nxe4 Bd7 5. Nf3 Bc6 6. Bd3 Nd7 7. O-O Ngf6 8.
Bg5 Be7 9. Nxf6+ Bxf6 10. Bf4 Bxf3 11. Qxf3 c6 12. c3 O-O 13. Rfe1 Re8 14. a4
g6 15. a5 a6 16. Qg3 Bh4 17. Qh3 Bg5 18. Bg3 Bf6 19. f4 Nf8 20. Bf2 Re7 21. Qf3
Rd7 22. Bc4 Qc7 23. b4 Re8 24. Rad1 Qd8 25. Kh1 Be7 26. Bb3 Bf6 27. Re2 Bg7 28.
Rde1 Bf6 29. g4 Bh4 30. Bxh4 Qxh4 31. d5 cxd5 32. Ba4 Rc8 33. Bxd7 Nxd7 34. g5
Rc4 35. Rf1 h6 36. Rg2 hxg5 37. fxg5 Ne5 38. Qf6 Re4 39. Qd8+ Kg7 40. Rgf2 Re1
41. Qf6+ Kg8 42. Rxe1 1-0